000 00560nam a22001577a 4500
008 150416b xxu||||| |||| 00| 0 eng d
020 _a9780674006768
050 _aB765.T54.E3313 1988
100 _aEco, Umberto
_917207
245 _aThe Aesthetics of Thomas Aquinas
_cUmberto Eco; translated by Hugh Bredin
260 _aCambridge
_bHavard University Press
_c1988
300 _axi, 287p. ;
_c23cm.
650 _aThomas Aquinas, Saint 1225?-1274
_xContributions in aesthetics
_917208
650 _aAesthetics, Medieval
_917209
942 _2lcc
_cMONOGRAPH
999 _c122672
_d122672